Statistics for business and economics / (Record no. 3456)

000 -LEADER
fixed length control field 00713nam a2200229Ia 4500
008 - FIXED-LENGTH DATA ELEMENTS--GENERAL INFORMATION
fixed length control field 251022t2023||||uk |||||||||||||| ||und||
020 ## - INTERNATIONAL STANDARD BOOK NUMBER
International Standard Book Number 9781292436845
Terms of availability £ 56.99
040 ## - CATALOGING SOURCE
Original cataloging agency IMU Kochi Library
Language of cataloging eng
044 ## - COUNTRY OF PUBLISHING/PRODUCING ENTITY CODE
MARC country code United Kingdom
082 04 - DEWEY DECIMAL CLASSIFICATION NUMBER
Classification number 519.5024658
Item number N426
Edition number 23
100 1# - MAIN ENTRY--PERSONAL NAME
Personal name Newbold, Paul
245 10 - TITLE STATEMENT
Title Statistics for business and economics /
250 ## - EDITION STATEMENT
Edition statement 10th global ed.
260 ## - PUBLICATION, DISTRIBUTION, ETC. (IMPRINT)
Place of publication, distribution, etc Harlow (UK):
Name of publisher, distributor, etc Pearson education limited,
Date of publication, distribution, etc 2023
300 ## - PHYSICAL DESCRIPTION
Extent 796 p.
Other physical details : ill.
Dimensions ; 27 cm.
650 #0 - SUBJECT ADDED ENTRY--TOPICAL TERM
Topical term or geographic name as entry element Economics
General subdivision Statistical methods.
Form subdivision Textbooks
700 ## - ADDED ENTRY--PERSONAL NAME
Personal name Carlson, William L.
Relator term Joint Author
700 ## - ADDED ENTRY--PERSONAL NAME
Personal name Thorne, Betty M.
Relator term Joint Author
852 ## - LOCATION/CALL NUMBER
Location IMU Kochi Library
904 ## - LOCAL DATA ELEMENT D, LDD (RLIN)
CATALOGER Akhil Bose
942 ## - ADDED ENTRY ELEMENTS (KOHA)
Item type Books
Holdings
Withdrawn status Lost status Source of classification or shelving scheme Damaged status Not for loan Collection code Permanent location Current location Shelving location Date acquired Source of acquisition Cost, normal purchase price Full call number Barcode Date last seen Koha item type
          Management Studies IMU Kochi Library IMU Kochi Library General Stacks 2025-10-22 M/s Technical Bureau India pvt ltd.(Inv. no. TB1923 dated 09.10.2025) 6775.00 519.5024658 N426 BK007013 2025-10-28 Books
          Management Studies IMU Kochi Library IMU Kochi Library General Stacks 2025-10-22 M/s Technical Bureau India pvt ltd.(Inv. no. TB1923 dated 09.10.2025) 6775.00 519.5024658 N426 BK007014 2025-10-28 Books
          Management Studies IMU Kochi Library IMU Kochi Library General Stacks 2025-10-22 M/s Technical Bureau India pvt ltd.(Inv. no. TB1923 dated 09.10.2025) 6775.00 519.5024658 N426 BK007015 2025-10-28 Books


Copyright © All Rights Reserved by Indian Maritime University, Kochi Campus.
For any Suggestions/Query Contact to library or Email: library.kochi@imu.ac.in Ph:(0484)-2989402
(Web OPAC Designed by Rudra Ranjan. Maintained by IMU Kochi Library)

Powered by Koha